Statistics for States with Most Colleges Per Capita

Click here to take the quiz!

General Stats

  • This quiz has been taken 24 times
  • The average score is 5 of 10

Answer Stats

Ratio (thousands)State% Correct
38.48Maine
76%
35.95Vermont
67%
38.14Kansas
57%
29.97North Dakota
57%
32.49South Dakota
57%
37.43Montana
52%
40.60Oklahoma
43%
35.01Arkansas
38%
39.55Pennsylvania
38%
26.11West Virginia
29%

Score Distribution

Percentile by Number Answered

Percent of People with Each Score

Your Score History

You have not taken this quiz